| 000 | 00878nam a22002297a 4500 | ||
|---|---|---|---|
| 005 | 20120806110256.0 | ||
| 008 | 120806t xxu||||| |||| 00| 0 eng d | ||
| 010 | _aENG-105499 | ||
| 020 |
_a9789380929514 _c1100.00 |
||
| 035 | _aEN-89032 | ||
| 037 | _bDBAD / PUB | ||
| 040 |
_adpl _bEnglish |
||
| 082 | _a363.73874 | ||
| 100 |
_aChouhan, T.S. _950740 |
||
| 245 |
_aGlobal warming and bio-diversity / _cby T.S. Chouhan |
||
| 260 |
_aJaipur _bDND Publications _c2013 |
||
| 270 |
_a2, Shivgyan Avenue, (B-7) near Yojna Bhawan, Yudishter Marg, C- Scheme _bJaipur _e302001 |
||
| 300 |
_ax,370p. : _c23cm(Hb) _bmaps |
||
| 500 | _aIncludes bibliographical references | ||
| 942 |
_2ddc _cEN _mCHO _h363.73874 |
||
| 999 |
_c68870 _d68870 |
||